europe according to russia - Statistics

General Stats
  • This quiz has been taken 68 times
  • The average score is 11 of 49
Answers on the Map
Answers color-coded by a green-red scale on the quiz's map according to % correct below.
 
Answer Stats
Answer % Correct
russia
95%
russia
95%
serbia
36%
serbia
36%
vatican
30%
moldova
27%
bosnia and herzegovina
20%
unfriendly
18%
unfriendly
18%
unfriendly
18%
unfriendly
18%
unfriendly
18%
unfriendly
18%
unfriendly
18%
unfriendly
18%
unfriendly
18%
unfriendly
18%
unfriendly
18%
unfriendly
18%
unfriendly
18%
unfriendly
18%
unfriendly
18%
unfriendly
18%
unfriendly
18%
unfriendly
18%
unfriendly
18%
unfriendly
18%
unfriendly
18%
unfriendly
18%
unfriendly
18%
unfriendly
18%
unfriendly
18%
unfriendly
18%
unfriendly
18%
unfriendly
18%
unfriendly
18%
unfriendly
18%
unfriendly
18%
unfriendly
18%
unfriendly
18%
unfriendly
18%
unfriendly
18%
unfriendly
18%
unfriendly
18%
unfriendly
18%
luhansk
16%
transnistria
16%
nazis
14%
donezk
2%
No matching quizzes found
Score Distribution
Percent of People with Each Score
Percentile by Number Answered
Your Score History
You have not taken this quiz